| 000 | 00364cam a2200145ua 4500 | ||
|---|---|---|---|
| 041 |
_aeng _h |
||
| 082 |
_a320.58 _bGAN/PR |
||
| 100 | _aGandhi, M K . | ||
| 245 |
_aProhibition at any cost / _cM K Gandhi. _hTextual Documents |
||
| 260 |
_aAhmadabad : _bNavajivan publishing house , _c1960. |
||
| 300 | _a24 ; . | ||
| 504 | _a | ||
| 942 | _cBK | ||
| 999 |
_c2337 _d2337 |
||